A plant product modified carbon black as a reinforcing filler for rubber (Record no. 53499)

MARC details
000 -LEADER
fixed length control field 01457nam a2200205Ia 4500
100 ## - MAIN ENTRY--AUTHOR NAME
Personal name Ghosh A K
245 #2 - TITLE STATEMENT
Title A plant product modified carbon black as a reinforcing filler for rubber
260 ## - PUBLICATION, DISTRIBUTION, ETC. (IMPRINT)
Name of publisher Journal of polymer materials
Year of publication 1995
300 ## - PHYSICAL DESCRIPTION
Number of Pages 285-295
520 ## - SUMMARY, ETC.
Summary, etc A plant product containing long chain substituted phenol (PP) has been used to modify carbon black in the present investigation with an objective to put PP as a flexible bridge between carbon black particles and the polymer to improve its reinforcement behaviour in rubber vulcanizate. Carbon black was treated with PP in presence or absence of aldehyde-ammonia (AA) and free radical donor (FR) separately as a method of modification. Such modified carbon blacks were characterized by gravimetric analysis of extracted samples, ESCA and DPPH reaction followed by evaluation of its bound rubber formation, processing behavior, reinforcement characteristics such as modulus, tensile strength, hardness etc., flex crack growth resistance, abrasion resistance and heat build-up properties in styrene butadiene rubber. The reported results show some positive aspects of reinforcement by the PP modified carbon black.
650 ## - SUBJECT ADDED ENTRY--TOPICAL TERM
Topical Term Abrasion loss
650 ## - SUBJECT ADDED ENTRY--TOPICAL TERM
Topical Term Bound rubber
650 ## - SUBJECT ADDED ENTRY--TOPICAL TERM
Topical Term Carbon black modification
650 ## - SUBJECT ADDED ENTRY--TOPICAL TERM
Topical Term Flex cracking
650 ## - SUBJECT ADDED ENTRY--TOPICAL TERM
Topical Term Heat build-up
700 ## - ADDED ENTRY--PERSONAL NAME
Personal name Adhikari B
700 ## - ADDED ENTRY--PERSONAL NAME
Personal name Maiti S
942 ## - ADDED ENTRY ELEMENTS (KOHA)
Koha item type Journals
Holdings
Withdrawn status Lost status Damaged status Not for loan Home library Current library Shelving location Date acquired Serial Enumeration / chronology Koha item type
      Journals RRII Library RRII Library Rubber chemistry 17/12/2021 Volume 12, Issue 4 Journals